Sensors and transducers. (Record no. 162416)

MARC details
000 -LEADER
fixed length control field 00522nam a2200217Ia 4500
003 - CONTROL NUMBER IDENTIFIER
control field OSt
005 - DATE AND TIME OF LATEST TRANSACTION
control field 20230508102134.0
008 - FIXED-LENGTH DATA ELEMENTS--GENERAL INFORMATION
fixed length control field 210423s2013 xx 000 0 und d
020 ## - INTERNATIONAL STANDARD BOOK NUMBER
International Standard Book Number 9788120321984
040 ## - CATALOGING SOURCE
Transcribing agency AL
041 ## - LANGUAGE CODE
Language code of text/sound track or separate title eng
082 ## - DEWEY DECIMAL CLASSIFICATION NUMBER
Classification number 536.2 PATD
Edition number 23
100 ## - MAIN ENTRY--PERSONAL NAME
Personal name PATRANABIS (D).
9 (RLIN) 99796
245 ## - TITLE STATEMENT
Title Sensors and transducers.
250 ## - EDITION STATEMENT
Edition statement 2
260 ## - PUBLICATION, DISTRIBUTION, ETC.
Place of publication, distribution, etc. New Delhi
Name of publisher, distributor, etc. PHI Learning Pvt Ltd
Date of publication, distribution, etc. 2013
300 ## - PHYSICAL DESCRIPTION
Extent xi,335
Other physical details PB
365 ## - TRADE PRICE
Price amount 275
Currency code INR
906 ## - LOCAL DATA ELEMENT F, LDF (RLIN)
a Sensors ; transducers.
942 ## - ADDED ENTRY ELEMENTS (KOHA)
Source of classification or shelving scheme Dewey Decimal Classification
Koha item type Book
Holdings
Withdrawn status Lost status Damaged status Not for loan Collection code Home library Current library Date acquired Source of acquisition Cost, normal purchase price Total Checkouts Full call number Barcode Date last seen Price effective from Koha item type
        Physics St Aloysius PG Library St Aloysius PG Library 07/13/2013 Athulya Books 275.00   536.2 PATD PG008909 04/26/2021 04/26/2021 Book